Земля и фабрика. [Кн.] 2: ˆ[‰Кн.] 2 (Запись № 13571606)

Подробности
000 -МАРКЕР
контрольное поле 01047nam2a2200265 4500
001 - ИДЕНТИФИКАТОР ЗАПИСИ
контрольное поле rc\2830218
005 - ИДЕНТИФИКАТОР ВЕРСИИ
контрольное поле 20260315045101.0
035 ## - ДРУГИЕ СИСТЕМНЫЕ НОМЕРА
Идентификатор записи (NLR Aleph) 006988201
100 ## - ДАННЫЕ ОБЩЕЙ ОБРАБОТКИ
Данные общей обработки 20110625d1927 u y0rusy50 ca
101 0# - ЯЗЫК РЕСУРСА
Язык текста, звукозаписи и т.д. русский
102 ## - СТРАНА ПУБЛИКАЦИИ ИЛИ ПРОИЗВОДСТВА
Страна публикации Российская Федерация
105 ## - ПОЛЕ КОДИРОВАННЫХ ДАННЫХ: ТЕКСТОВЫЕ МАТЕРИАЛЫ, МОНОГРАФИЧЕСКИЕ
Кодированные данные о монографическом текстовом документе y z |||||
200 0# - ЗАГЛАВИЕ И СВЕДЕНИЯ ОБ ОТВЕТСТВЕННОСТИ
Основное заглавие ˆ[‰Кн.] 2
210 ## - ПУБЛИКАЦИЯ, РАСПРОСТРАНЕНИЕ И ДР.
Дата издания, распространения и т.д. [1927]
215 ## - ФИЗИЧЕСКАЯ ХАРАКТЕРИСТИКА
Специфическое обозначение материала и объем 400 с.
327 0# - ПРИМЕЧАНИЯ О СОДЕРЖАНИИ
Текст примечания Авт.: Ляшко, Н. Минучая смерть.- Тихонов, Н. Эпоха [и др.]
461 #0 - УРОВЕНЬ НАБОРА
Встроенное поле 001rc\2830216
-- 2001#$aЗемля и фабрика$eАльманах$e[Кн.] I-$v[Кн.] 2
Системный номер (АБИС) связанной записи 5600168
Место публикации [Москва]
Дата публикации [1927]
Имя издателя, распространителя и т.д. ЗИФ
Сведения, относящиеся к заглавию Альманах : [Кн.] I-
Заглавие Земля и фабрика
Номер тома [Кн.] 2
464 #0 - АНАЛИТИЧЕСКИЙ УРОВЕНЬ
Встроенное поле 2001#$aМинучая смерть
-- 700#1$aЛяшко$bН.$4070
Заглавие Минучая смерть
Автор Ляшко, Н.
464 #0 - АНАЛИТИЧЕСКИЙ УРОВЕНЬ
Встроенное поле 2001#$aЭпоха
-- 700#1$aТихонов$bН.$4070
Заглавие Эпоха
Автор Тихонов, Н.
801 #0 - ИСТОЧНИК ЗАПИСИ
Страна Российская Федерация
Организация NLR
Правила каталогизации psbo
801 #1 - ИСТОЧНИК ЗАПИСИ
Страна Российская Федерация
Организация ELAR
Источник данных rusmarc
852 ## - МЕСТОНАХОЖДЕНИЕ И ШИФР ХРАНЕНИЯ
Идентификатор организации NLR
Шифр хранения (Call Number) 24/955
942 ## - ДОПОЛНИТЕЛЬНЫЕ ЭЛЕМЕНТЫ ЗАПИСИ (АБИС)
Тип экземпляра АБИС Неопределено
980 ## - КОЛЛЕКЦИЯ
Название коллекции Национальная библиография

Нет доступных экземпляров.